<?xml version="1.0" encoding="UTF-8"?>
<record
    xmlns:xsi="http://www.w3.org/2001/XMLSchema-instance"
    xsi:schemaLocation="http://www.loc.gov/MARC21/slim http://www.loc.gov/standards/marcxml/schema/MARC21slim.xsd"
    xmlns="http://www.loc.gov/MARC21/slim">

  <leader>00912nam a2200241 a 4500</leader>
  <controlfield tag="005">20240807100945.0</controlfield>
  <controlfield tag="008">141117t2012||||sp ||||g |||| 000 0 spa d</controlfield>
  <datafield tag="020" ind1=" " ind2=" ">
    <subfield code="a">9502803000</subfield>
  </datafield>
  <datafield tag="041" ind1=" " ind2=" ">
    <subfield code="a">spa</subfield>
  </datafield>
  <datafield tag="092" ind1=" " ind2=" ">
    <subfield code="c">413</subfield>
    <subfield code="l">16</subfield>
    <subfield code="s">DIC</subfield>
  </datafield>
  <datafield tag="130" ind1="1" ind2=" ">
    <subfield code="a">Diccionario Collins Pocket. Diccionario biling&#xFC;e.</subfield>
    <subfield code="9">4172</subfield>
  </datafield>
  <datafield tag="245" ind1=" " ind2=" ">
    <subfield code="a">Collins Pocket. Espa&#xF1;ol - Ingl&#xE9;s English - Espanish. </subfield>
    <subfield code="b">Diccionario biling&#xFC;e / </subfield>
    <subfield code="c">Jeremy Butterfield</subfield>
  </datafield>
  <datafield tag="250" ind1=" " ind2=" ">
    <subfield code="a">17a ed.</subfield>
  </datafield>
  <datafield tag="260" ind1=" " ind2=" ">
    <subfield code="a">Buenos Aires: </subfield>
    <subfield code="b">Grijalbo;</subfield>
    <subfield code="c">2012.</subfield>
  </datafield>
  <datafield tag="300" ind1=" " ind2=" ">
    <subfield code="a">512 p.</subfield>
    <subfield code="c">18x11 cm.</subfield>
  </datafield>
  <datafield tag="500" ind1=" " ind2=" ">
    <subfield code="a">Butterfield, J. (Dir.) et al. (2012). Collins Pocket. Espa&#xF1;ol - Ingl&#xE9;s English - Espanish. Diccionario biling&#xFC;e. (17a ed.). Buenos Aires : Grijalbo.</subfield>
  </datafield>
  <datafield tag="653" ind1=" " ind2=" ">
    <subfield code="a">Diccionario</subfield>
  </datafield>
  <datafield tag="700" ind1="1" ind2=" ">
    <subfield code="a">Butterfield, Jeremy</subfield>
    <subfield code="e">Dir.</subfield>
    <subfield code="9">4173</subfield>
  </datafield>
  <datafield tag="700" ind1="1" ind2=" ">
    <subfield code="a">Newstead, Helen</subfield>
    <subfield code="e">Col.</subfield>
    <subfield code="9">4174</subfield>
  </datafield>
  <datafield tag="700" ind1="1" ind2=" ">
    <subfield code="a">Galera, Jos&#xE9; Mart&#xED;n</subfield>
    <subfield code="e">Col.</subfield>
    <subfield code="9">4175</subfield>
  </datafield>
  <datafield tag="700" ind1="1" ind2=" ">
    <subfield code="a">Aeppli, Emma</subfield>
    <subfield code="e">Col.</subfield>
    <subfield code="9">4176</subfield>
  </datafield>
  <datafield tag="942" ind1=" " ind2=" ">
    <subfield code="2">ddc</subfield>
    <subfield code="c">BK</subfield>
  </datafield>
  <datafield tag="999" ind1=" " ind2=" ">
    <subfield code="c">2105</subfield>
    <subfield code="d">2105</subfield>
  </datafield>
  <datafield tag="952" ind1=" " ind2=" ">
    <subfield code="0">0</subfield>
    <subfield code="1">0</subfield>
    <subfield code="2">ddc</subfield>
    <subfield code="4">0</subfield>
    <subfield code="7">0</subfield>
    <subfield code="a">BFM</subfield>
    <subfield code="b">BFM</subfield>
    <subfield code="c">CR</subfield>
    <subfield code="d">2014-11-17</subfield>
    <subfield code="e">COMPRA PROMED 3er A&#xD1;O, NOVIEMBRE 2014</subfield>
    <subfield code="g">90.00</subfield>
    <subfield code="l">35</subfield>
    <subfield code="m">3</subfield>
    <subfield code="o">413 16 DIC</subfield>
    <subfield code="p">3366</subfield>
    <subfield code="r">2026-06-01</subfield>
    <subfield code="s">2026-05-28</subfield>
    <subfield code="t">Ej.1</subfield>
    <subfield code="w">2014-11-17</subfield>
    <subfield code="y">BK</subfield>
    <subfield code="z">COMPRA PROMED 3er A&#xD1;O, NOVIEMBRE 2014</subfield>
  </datafield>
  <datafield tag="952" ind1=" " ind2=" ">
    <subfield code="0">0</subfield>
    <subfield code="1">0</subfield>
    <subfield code="2">ddc</subfield>
    <subfield code="4">0</subfield>
    <subfield code="7">0</subfield>
    <subfield code="a">BFM</subfield>
    <subfield code="b">BFM</subfield>
    <subfield code="c">CR</subfield>
    <subfield code="d">2014-11-17</subfield>
    <subfield code="e">COMPRA PROMED 3er A&#xD1;O, NOVIEMBRE 2014</subfield>
    <subfield code="g">90.00</subfield>
    <subfield code="l">35</subfield>
    <subfield code="m">3</subfield>
    <subfield code="o">413 16 DIC</subfield>
    <subfield code="p">3367</subfield>
    <subfield code="q">2026-06-05</subfield>
    <subfield code="r">2026-05-28</subfield>
    <subfield code="s">2026-05-28</subfield>
    <subfield code="t">Ej.2</subfield>
    <subfield code="w">2014-11-17</subfield>
    <subfield code="y">BK</subfield>
    <subfield code="z">COMPRA PROMED 3er A&#xD1;O, NOVIEMBRE 2014</subfield>
  </datafield>
  <datafield tag="952" ind1=" " ind2=" ">
    <subfield code="0">0</subfield>
    <subfield code="1">0</subfield>
    <subfield code="2">ddc</subfield>
    <subfield code="4">0</subfield>
    <subfield code="7">0</subfield>
    <subfield code="a">BFM</subfield>
    <subfield code="b">BFM</subfield>
    <subfield code="c">CR</subfield>
    <subfield code="d">2022-09-15</subfield>
    <subfield code="e">Donaci&#xF3;n Septiembre 2022.</subfield>
    <subfield code="l">4</subfield>
    <subfield code="o">413 16 DIC </subfield>
    <subfield code="p">4792</subfield>
    <subfield code="q">2026-06-05</subfield>
    <subfield code="r">2026-05-28</subfield>
    <subfield code="s">2026-05-28</subfield>
    <subfield code="t">Ej. 3</subfield>
    <subfield code="w">2022-09-15</subfield>
    <subfield code="y">BK</subfield>
    <subfield code="z">Donaci&#xF3;n Septiembre 2022.</subfield>
    <subfield code="f"></subfield>
  </datafield>
  <datafield tag="952" ind1=" " ind2=" ">
    <subfield code="0">0</subfield>
    <subfield code="1">0</subfield>
    <subfield code="2">ddc</subfield>
    <subfield code="4">0</subfield>
    <subfield code="7">0</subfield>
    <subfield code="a">BFM</subfield>
    <subfield code="b">BFM</subfield>
    <subfield code="c">CR</subfield>
    <subfield code="d">2025-06-27</subfield>
    <subfield code="e">Donaci&#xF3;n Antonella Madaf</subfield>
    <subfield code="l">0</subfield>
    <subfield code="o">413 16 DIC</subfield>
    <subfield code="p">5040</subfield>
    <subfield code="r">2025-06-27</subfield>
    <subfield code="t">Ej. 4</subfield>
    <subfield code="w">2025-06-27</subfield>
    <subfield code="y">BK</subfield>
    <subfield code="z">Donaci&#xF3;n Madaf, Antonella, junio 2025.</subfield>
    <subfield code="f"></subfield>
  </datafield>
</record>
